LEADER 00752nam a2200181 u 4500 001 991004369237707536 005 20250220121314.0 008 250220s1994 it r 000 0 ita d 040 $aBibl. Dip.le Aggr. Scienze Umane e Sociali - Sez. Studi Storici 041 0 $aita 100 1 $aDell'Oro, Giorgio$d<1965- >$01223668 245 13$aIl Sacro Monte di Oropa :$baspetti istituzionali e devozionali di un luogo di culto nel Piemonte dei secoli XVII e XVIII /$cGiorgio Dell'Oro 260 $aTorino :$bDeputazione subalpina di storia patria,$c1994 300 $aP. 81-143 ;$c24 cm 500 $aEstratto da: Bollettino storico-bibliografico subalpino, a. 92(1994), 1 912 $a991004369237707536 996 $aSacro Monte di Oropa$94314729 997 $aUNISALENTO